LIBRARY & INFORMATION CENTRE, KCAET, TAVANUR

ONLINE PUBLIC ACCESS CATALOGUE (OPAC)

Tenth muse / (Record no. 7048)

MARC details
000 -LEADER
fixed length control field 00351cam a2200145ua 4500
041 ## - LANGUAGE CODE
Language code of text/sound track or separate title eng
082 ## - DEWEY DECIMAL CLASSIFICATION NUMBER
Classification number 824
Item number REA/TE
100 ## - MAIN ENTRY--AUTHOR NAME
Personal name Read, Herbert .
245 ## - TITLE STATEMENT
Title Tenth muse /
260 ## - PUBLICATION, DISTRIBUTION, ETC. (IMPRINT)
Place of publication London :
Name of publisher Routledge & Kegan Paul Ltd ,
Year of publication 1957.
300 ## - PHYSICAL DESCRIPTION
Number of Pages 330 ; .
942 ## - ADDED ENTRY ELEMENTS (KOHA)
Koha item type Books
Holdings
Withdrawn status Lost status Damaged status Home library Current library Date acquired Cost, normal purchase price Full call number Accession Number Koha item type Public note
Withdrawn     KAUAET Sanskrit University 07/04/2012 25.00 824 6836 Books Transferred to Sanskrit University
free website counter